CELAM Académicos UC: investigaciones para que nuestros pueblos tengan vida

সংরক্ষণ করুন:
গ্রন্থ-পঞ্জীর বিবরন
সংস্থা লেখক: CELAM (Author)
বিন্যাস: গ্রন্থ
ভাষা:স্প্যানিশ
প্রকাশিত: Santiago Pastoral UC 2006
সংস্করন:1a. ed
বিষয়গুলি:
ট্যাগগুলো: ট্যাগ যুক্ত করুন
কোনো ট্যাগ নেই, প্রথমজন হিসাবে ট্যাগ করুন!

MARC

LEADER 00000cam a2200000 a 4500
001 UCC6487
003 CL-VaPUC
008 181213e20060000cl |||||||||||||||||spa|d
082 0 4 |a 302  |b CEL  |2 21 
110 2 |a CELAM  |e author  |9 600952 
245 1 0 |a CELAM Académicos UC: investigaciones para que nuestros pueblos tengan vida 
250 |a 1a. ed 
300 |a 463 p 
942 |c BK 
945 |d 20181213 14:55:00  |a dcastane 
260 |a Santiago  |b Pastoral UC  |c 2006 
650 0 |a Doctrina social de la iglesia  |9 257333 
650 0 |a Educación religiosa   |9 308312 
583 |a last modification  |c 20181213 14:55:00  |k Rodrigo Vera 
999 |c 373428  |d 373426 
952 |0 0  |1 0  |3 erb  |4 0  |6 302_000000000000000_CEL_2006  |7 0  |8 A  |9 491529  |a BIBTEO  |b BIBTEO  |e Precht Pizarro, Jorge Enrique  |i 5520681  |o 302 CEL 2006  |p 5520681  |r 2025-01-17  |w 2019-11-24  |y BK  |z Catalogado en:20181213  |k ICR